000 00333 a2200133 4500
001 91327
082 _aPR 1223
090 _c43442
_d43441
100 _aKhalid Mushtaq;
245 _aSimulation of Aircraft Gas Turbine Engine
_n44 "A" EC
260 _aKarachi
_bNED University
_c1996
300 _a80p
500 _aBE Project Reports
942 _aCAE NUST
_kPR 1223
999 _c326400
_d326400